Normal view
MARC view
- Torbert, William R.,
Entry Personal Name
001 - CONTROL NUMBER
- control field: 107753
003 - CONTROL NUMBER IDENTIFIER
- control field: NUST
005 - DATE AND TIME OF LATEST TRANSACTION
- control field: 20230126122211.0
008 - FIXED-LENGTH DATA ELEMENTS
- fixed length control field: 230126|| aca||aabn | a|a d
040 ## - CATALOGING SOURCE
- Original cataloging agency: NUST
- Transcribing agency: NUST
100 ## - HEADING--PERSONAL NAME
- Personal name: Torbert, William R.,
- Dates associated with a name: 1944-
670 ## - SOURCE DATA FOUND
- Source citation: Work cat.: (NUST)186125: Fisher, Dalmar. 107751, Personal and organizational transformations :, c1995.
